М. В. Ломоносов (Запись № 86524)
[ простой вид ]
| 000 -МАРКЕР | |
|---|---|
| контрольное поле | 00991nam0a2200253 4500 |
| 001 - ИДЕНТИФИКАТОР ЗАПИСИ | |
| контрольное поле | RU\NLR\BIBL_A\022475465 |
| 005 - ИДЕНТИФИКАТОР ВЕРСИИ | |
| контрольное поле | 20250806205159.0 |
| 035 ## - ДРУГИЕ СИСТЕМНЫЕ НОМЕРА | |
| Идентификатор записи | (NLR Aleph) 022475465 |
| 100 ## - ДАННЫЕ ОБЩЕЙ ОБРАБОТКИ | |
| Данные общей обработки | 20250228d1941 u y0rusy50 ca |
| 101 0# - ЯЗЫК РЕСУРСА | |
| Язык текста, звукозаписи и т.д. | азербайджанский |
| Язык оригинала | русский |
| 102 ## - СТРАНА ПУБЛИКАЦИИ ИЛИ ПРОИЗВОДСТВА | |
| Страна публикации | азербайджан |
| 105 ## - ПОЛЕ КОДИРОВАННЫХ ДАННЫХ: ТЕКСТОВЫЕ МАТЕРИАЛЫ, МОНОГРАФИЧЕСКИЕ | |
| Кодированные данные о монографическом текстовом документе | c z 000 y |
| 200 1# - ЗАГЛАВИЕ И СВЕДЕНИЯ ОБ ОТВЕТСТВЕННОСТИ | |
| Основное заглавие | М. В. Ломоносов |
| Сведения, относящиеся к заглавию | һәjат вә jарадыҹылығы |
| Первые сведения об ответственности | Я. Г. Дорфман, проф. |
| Последующие сведения об ответственности | [ред. М. Бабаев, тәрҹ. М. Мирзәбабалы] |
| 210 ## - ПУБЛИКАЦИЯ, РАСПРОСТРАНЕНИЕ И ДР. | |
| Место издания, распространения и т.д. | Баки |
| Имя издателя, распространителя и т. д. | ЕА АзФ |
| Дата издания, распространения и т.д. | 1941 |
| 215 ## - ФИЗИЧЕСКАЯ ХАРАКТЕРИСТИКА | |
| Специфическое обозначение материала и объем | 74,[1] c. |
| Размеры | 16 |
| 225 1# - СЕРИЯ | |
| Основное заглавие серии | Елми- популjар сер. |
| 541 1# - ПЕРЕВОД ЗАГЛАВИЯ, СДЕЛАННЫЙ КАТАЛОГИЗАТОРОМ | |
| Заглавие | М. В. Ломоносов |
| Язык заглавия | русский |
| 700 #1 - ИМЯ ЛИЦА - ПЕРВИЧНАЯ ОТВЕТСТВЕННОСТЬ | |
| Начальный элемент ввода | Дорфман |
| Часть имени, кроме начального элемента ввода | Я. Г. |
| Даты | 1898-1974 |
| Расширение инициалов личного имени | Яков Григорьевич |
| Код отношения | Автор |
| 702 #1 - ИМЯ ЛИЦА - ВТОРИЧНАЯ ОТВЕТСТВЕННОСТЬ | |
| Начальный элемент ввода | Ломоносов |
| Часть имени, кроме начального элемента ввода | М. В. |
| Даты | 1711-1765 |
| Расширение инициалов личного имени | Михаил Васильевич |
| Идентификатор авторитетной/нормативной записи | RU\NLR\auth\772859 |
| Код отношения | Автор |
| 942 ## - ДОПОЛНИТЕЛЬНЫЕ ЭЛЕМЕНТЫ ЗАПИСИ (АБИС) | |
| Тип экземпляра АБИС | Книга |
| 945 ## - Информацию об издании предоставили: | |
| Полное название организации, предоставившей материал | Российская национальная библиотека |
| 980 ## - КОЛЛЕКЦИЯ | |
| Название коллекции | Библиография Победы |
Нет доступных экземпляров.





